000 01143nac a22003617a 4500
001 BR8202677
003 BR-BrBNA
005 20240105115319.0
008 230509b bl.|||m| |||| 00| 0 por d
040 _aBR-BrBNA
_bpor
_cBiblioteca Nacional de Agricultura
072 _aF00; L00; E15
090 _a0150 BR8202677
110 1 _aComissao Estadual de Planejamento Agricola de Rondonia, Porto Velho (Brasil)
_92033
245 1 _aAcompanhamento conjuntural da agropecuaria de Rondonia. Abril 1982 [Brasil]
260 3 _aPorto Velho, RO (Brasil):
_c1982.
300 _a24 P.
490 _aAcompanhamento Conjuntural da Agropecuaria de Rondonia - Comissao Estadual de Planejamento Agricola de Rondonia (Brazil)
_vv. 2(1)
_x
650 _aARROZ
650 _aFEIJAO
650 _aMANDIOCA
650 _aMILHO
650 _aPIMENTA DO REINO
650 _aSERINGUEIRA
650 _aBOVINO
650 _aSUINO
650 _aCREDITO RURAL
650 _aPRECO MINIMO
650 _aRENDIMENTO
650 _aSAFRA
650 _aECONOMIA DA PRODUCAO
909 _a202312
_bLúcia Elande
_c55
_dLúcia Elande
942 _2AGRIS
_n0
_cMS
999 _c274225
_d274225